000 00754nam a2200241Ia 4500
003 OSt
005 20220925185937.0
006 a|||||r|||| 00| 0
007 ta
008 220923b |||||||| |||| 00| 0 eng d
037 _cGeneral Book
040 _aRTL
_cRTL
_beng
041 _2eng
_aeng
082 _aX9(J):89P.7914.N6, L0
100 _aCrosson Pierre R
_9236433
245 0 _aAgricultural development and productivity
_b Lessons
260 _aBaltimore
_bJohn Hopkins Press
_c1970
300 _axvi, 198p. Appendix p. 177-90
_ccm.
490 _aResources for the Future publication
650 _aManagement
_930681
942 _hX9(J):89P.7914.N6, L0
_cGB
_2CC
999 _c512718
_d512718